000 00916nam a2200205Ia 4500
003 OSt
005 20241119093541.0
007 ca aa aaaaa
008 201103s9999 xx 000 0 und d
040 _cSSBUL
041 _abur
082 _223
_a၂၉၄.၃၄၄၃
100 0 _a ဝိစိတ္တသာရာဘိဝံသ၊ အရှင်
245 1 0 _aအရှင်ဝိစိတ္တသာရာဘိဝံသ၏ဟောစဉ်တရားတော်များ၊ ပထမတွဲ /
_cအရှင်ဝိစိတ္တသာရာဘိဝံသ။
260 _aရန်ကုန် ၊
_bသာသနာရေးဦးစီးဌာန၊
_c၁၉၈၃။
300 _aဆာ၊ ၅၀၃ စာမျက်နှာ ၊
_c၂၁ စင်တီ။
500 _aS-SAT: Dr. Sai Aung Tun Collection.
650 _aဗုဒ္ဓတရားတော်
942 _2ddc
_cBK1
999 _c16611
_d16611